| 000 | 00878nam a2200205 a 4500 | ||
|---|---|---|---|
| 003 | 0 | ||
| 005 | 20250211105917.0 | ||
| 008 | 120719s19uu xx 00 eng d | ||
| 050 |
_aPGS LB 1044.87 _b.H546 2012 |
||
| 100 | _aHeringer, Deshawn Lyndell G. | ||
| 245 |
_aComputer usage and listening skills of the grade 6 students of Southville International School / _cDeshawn Lyndell G. Heringer. |
||
| 260 |
_aLas PiƱas City, Philippines : _bSouthville International School and Colleges, _c2012. |
||
| 300 |
_a19 pages : _billustrations ; _c28 cm. |
||
| 504 | _aIncludes bibliographical references. | ||
| 650 |
_aListening comprehension _vStudy and teaching. |
||
| 650 |
_aListening skills _vDevelopment in children. |
||
| 650 |
_aEducational technology _vImpact on learning. |
||
| 650 |
_aElementary school students _vComputer usage and academic skills. |
||
| 942 |
_2lcc _cPASS |
||
| 999 |
_c98727 _d98727 |
||